[Event "OLBA 2122 SV Hockenheim - SC Emmendinge"]
[Site "?"]
[Date "2022.06.18"]
[Round "6.2"]
[White "Buhmann, Rainer"]
[Black "Cvitan, Ognjen"]
[Result "1/2-1/2"]
[WhiteElo "2557"]
[BlackElo "2451"]
[PlyCount "80"]
[EventDate "2022.??.??"]

1. d4 Nf6 2. Nf3 d5 3. c4 e6 4. e3 Be7 5. b3 O-O 6. Bd3 c5 7. O-O cxd4 8. exd4
b6 9. Bb2 Bb7 10. Nbd2 Nc6 11. Rc1 Rc8 12. Qe2 Re8 13. Rfd1 Bf8 14. Nf1 g6 15.
Ne3 Bg7 16. c5 Nd7 17. Bb5 a6 18. Bxc6 Bxc6 19. cxb6 Qxb6 20. Ng4 f6 21. Qd2
Bb7 22. Nh6+ Kh8 23. Ba3 Rxc1 24. Rxc1 Rc8 25. Rxc8+ Bxc8 26. Nf7+ Kg8 27. Nd6
Qc6 28. Qa5 Bf8 29. Qd8 Kg7 30. h4 Bxd6 31. Bxd6 Qxd6 32. Qxc8 Nf8 33. Qb7+ Kg8
34. b4 e5 35. dxe5 fxe5 36. Ng5 e4 37. Qf7+ Kh8 38. Qe8 Kg7 39. Qf7+ Kh8 40.
Qe8 Kg7 1/2-1/2

[Event "OLBA 2122 SV Hockenheim - SC Emmendinge"]
[Site "?"]
[Date "2022.06.18"]
[Round "6.3"]
[White "Miezis, Normunds"]
[Black "Wagner, Dinara"]
[Result "0-1"]
[WhiteElo "2448"]
[BlackElo "2342"]
[PlyCount "164"]
[EventDate "2022.??.??"]

1. c4 Nf6 2. Nc3 e5 3. g3 Bb4 4. Bg2 O-O 5. e4 Bxc3 6. dxc3 d6 7. Qe2 a5 8. b3
a4 9. b4 Be6 10. Nf3 h6 11. O-O Nbd7 12. Ba3 Nb6 13. Nd2 Qd7 14. Rfe1 Rfd8 15.
Rad1 Bh3 16. Bh1 Qc6 17. b5 Qe8 18. c5 dxc5 19. Bxc5 Qe6 20. c4 Rd7 21. Bg2
Bxg2 22. Kxg2 Rad8 23. Bxb6 cxb6 24. f3 Rd3 25. Nf1 Rxd1 26. Rxd1 Rxd1 27. Qxd1
Qxc4 28. Qd2 Qxb5 29. Ne3 Qc5 30. Nf5 b5 31. g4 b4 32. g5 Nh5 33. gxh6 Nf4+ 34.
Kf1 Qc3 35. Qxc3 bxc3 36. Ke1 b5 37. Ne7+ Kh7 38. Nd5 Nd3+ 39. Kd1 b4 40. hxg7
Kxg7 41. a3 bxa3 42. Nxc3 Kg6 43. Kd2 Nf4 44. Na2 Kg5 45. Kc3 Kh4 46. Kb4 Kh3
47. Kxa3 Kxh2 48. Nc3 Kg3 49. Kxa4 Kxf3 50. Kb4 Ne2 51. Nb5 Ng3 52. Nd6 f6 53.
Kc4 Nxe4 54. Ne8 Kf4 55. Kd5 Nc3+ 56. Kc4 Ne4 57. Kd5 Kf5 58. Ng7+ Kg6 59. Ne8
Ng5 60. Nd6 Nf7 61. Nc4 Kf5 62. Ne3+ Kf4 63. Ng2+ Kg3 64. Ne3 Ng5 65. Kd6 Kf4
66. Nd5+ Kf5 67. Ne3+ Kg6 68. Kd5 Nh3 69. Nc4 Kf5 70. Nd6+ Kf4 71. Kc4 e4 72.
Kc3 f5 73. Kd2 Ke5 74. Nc4+ Kd4 75. Ne3 f4 76. Nc2+ Ke5 77. Ke2 Ng5 78. Kf2 Ne6
79. Ne1 Nd4 80. Ng2 Kf5 81. Nh4+ Kg4 82. Ng2 Nc2 0-1

[Event "OLBA 2122 SV Hockenheim - SC Emmendinge"]
[Site "?"]
[Date "2022.06.18"]
[Round "6.4"]
[White "Rau, Hannes"]
[Black "Weidemann, Joerg"]
[Result "1/2-1/2"]
[WhiteElo "2447"]
[BlackElo "2289"]
[PlyCount "68"]
[EventDate "2022.??.??"]

1. Nf3 d5 2. d4 Nf6 3. c4 e6 4. g3 Be7 5. Bg2 O-O 6. Nc3 dxc4 7. Ne5 c5 8. dxc5
Qxd1+ 9. Nxd1 Bxc5 10. O-O a6 11. Be3 Nbd7 12. Nxc4 Rb8 13. Bf4 Ra8 14. Bd6 Rd8
15. Bc7 Rf8 16. Bd6 Rd8 17. Bxc5 Nxc5 18. Nb6 Rb8 19. Rc1 Nce4 20. Nc3 Nxc3 21.
Rxc3 Bd7 22. Nxd7 Rxd7 23. Rfc1 Kf8 24. Kf1 Ke7 25. Ke1 Ne8 26. Rb3 Kd8 27. a4
Rc7 28. Rd1+ Ke7 29. Rb6 Nf6 30. a5 Nd7 31. Rb4 Ne5 32. b3 Rc5 33. Ra1 Nc6 34.
Bxc6 Rxc6 1/2-1/2

[Event "OLBA 2122 SV Hockenheim - SC Emmendinge"]
[Site "?"]
[Date "2022.06.18"]
[Round "6.5"]
[White "Bauer, Andreas"]
[Black "Nekrasov, Mihail"]
[Result "1/2-1/2"]
[WhiteElo "2281"]
[BlackElo "2273"]
[PlyCount "46"]
[EventDate "2022.??.??"]

1. d4 d5 2. Nf3 Nf6 3. c3 c6 4. Bf4 Bf5 5. Nh4 Be4 6. Nd2 e6 7. Nxe4 Nxe4 8.
Nf3 Bd6 9. Bxd6 Nxd6 10. e3 Nd7 11. Be2 Qe7 12. O-O O-O 13. Qa4 Rfe8 14. Rfd1
e5 15. dxe5 Nxe5 16. Nxe5 Qxe5 17. Bf3 g6 18. Qd4 a5 19. Qxe5 Rxe5 20. a4 Ra6
21. Rab1 Ne4 22. Bxe4 Rxe4 23. Rd4 Rxd4 1/2-1/2

[Event "OLBA 2122 SV Hockenheim - SC Emmendinge"]
[Site "?"]
[Date "2022.06.18"]
[Round "6.6"]
[White "Moeldner, Juergen"]
[Black "Stocko, Josip"]
[Result "1/2-1/2"]
[WhiteElo "2238"]
[BlackElo "2260"]
[PlyCount "106"]
[EventDate "2022.??.??"]

1. e4 c5 2. Nf3 d6 3. d4 cxd4 4. Nxd4 Nf6 5. Nc3 a6 6. h3 e6 7. g4 Be7 8. Bg2
Nfd7 9. Be3 Nc6 10. Qe2 Qc7 11. O-O-O Na5 12. f4 Nc4 13. Bf2 O-O 14. g5 b5 15.
h4 Ndb6 16. Rd3 Bd7 17. f5 b4 18. Nd1 Ne5 19. Rg3 Rfe8 20. f6 Bf8 21. h5 Qc4
22. b3 Qxe2 23. Nxe2 Rab8 24. Nf4 Bc6 25. Ne3 Nbd7 26. fxg7 Kxg7 27. Ng4 Nxg4
28. Rxg4 h6 29. Nd3 Be7 30. Bd4+ e5 31. gxh6+ Kxh6 32. Be3+ Kh7 33. Rf1 Nf6 34.
Rh4 Rg8 35. Bh3 Kh8 36. Bf5 a5 37. h6 Bb5 38. Kd2 Rg2+ 39. Rf2 Rxf2+ 40. Nxf2
Bd7 41. Bxd7 Nxd7 42. Rg4 Bf8 43. Rg5 Kh7 44. Rf5 f6 45. Rf3 Kg6 46. Rg3+ Kf7
47. Nd3 d5 48. exd5 f5 49. Bg5 Bd6 50. Bh4 Bf8 51. Bg5 Bd6 52. Bh4 Bf8 53. Bg5
Bd6 1/2-1/2

[Event "OLBA 2122 SV Hockenheim - SC Emmendinge"]
[Site "?"]
[Date "2022.06.18"]
[Round "6.7"]
[White "Kiefer, Gerhard"]
[Black "Guenthner, Oliver"]
[Result "1-0"]
[WhiteElo "2212"]
[BlackElo "2145"]
[PlyCount "57"]
[EventDate "2022.??.??"]

1. e4 c5 2. Nf3 d6 3. d4 cxd4 4. Nxd4 Nf6 5. Nc3 a6 6. f4 Qc7 7. a4 e6 8. Bd3
g6 9. O-O Bg7 10. Kh1 O-O 11. Qe1 Nbd7 12. Nf3 Nc5 13. Qh4 Re8 14. f5 Nxd3 15.
cxd3 exf5 16. Bg5 Ng4 17. Nd5 Qc2 18. h3 fxe4 19. hxg4 exf3 20. Rxf3 h6 21.
Nf6+ Bxf6 22. Bxf6 Qd2 23. Raf1 Be6 24. Rf4 Kh7 25. Bc3 Qxd3 26. Rxf7+ Bxf7 27.
Rxf7+ Kg8 28. Rg7+ Kf8 29. Qf6# 1-0

[Event "OLBA 2122 SV Hockenheim - SC Emmendinge"]
[Site "?"]
[Date "2022.06.18"]
[Round "6.8"]
[White "Ptak, Ferdinand"]
[Black "Herbrechtsmeier, Christof"]
[Result "1-0"]
[WhiteElo "2045"]
[BlackElo "2143"]
[PlyCount "58"]
[EventDate "2022.??.??"]

1. g3 Nf6 2. c4 g6 3. Bg2 d5 4. cxd5 Nxd5 5. Nf3 Bg7 6. O-O O-O 7. Nc3 Nc6 8.
d4 Nb6 9. d5 Na5 10. Qc2 Nxd5 11. Rd1 c6 12. e4 Nb4 13. Qa4 b5 14. Rxd8 bxa4
15. Rxf8+ Kxf8 16. Nxa4 Nc4 17. Bf1 Nd6 18. Bd2 Rb8 19. a3 Nc2 20. Rc1 Nd4 21.
Nxd4 Bxd4 22. Bd3 f5 23. exf5 gxf5 24. b4 Nb5 25. Rxc6 Bd7 26. Bxb5 Rxb5 27.
Rc7 Rd5 28. Bh6+ Kf7 29. Nc5 Bb5 1-0

[Event "OLBA 2122 SC Viernheim II - SC Brombach"]
[Site "?"]
[Date "2022.06.18"]
[Round "6.1"]
[White "Haag, Gregor"]
[Black "Abergel, Thal"]
[Result "0-1"]
[WhiteElo "2357"]
[BlackElo "2387"]
[PlyCount "80"]
[EventDate "2022.??.??"]

1. d4 d5 2. c4 c6 3. Nc3 Nf6 4. Nf3 e6 5. Bg5 Nbd7 6. e3 Qa5 7. cxd5 Nxd5 8.
Qd2 Bb4 9. Rc1 Nxc3 10. bxc3 Ba3 11. Rb1 Qc7 12. Bd3 Bd6 13. e4 e5 14. O-O O-O
15. Kh1 Re8 16. Rbe1 a5 17. dxe5 Bxe5 18. Bc2 b5 19. Nd4 Bf6 20. e5 Rxe5 21.
Bf4 Ba6 22. Bxe5 Nxe5 23. Qf4 b4 24. Nxc6 Bxf1 25. Nxe5 Re8 26. Qf5 Rxe5 27.
Qxh7+ Kf8 28. Rxf1 Qxc3 29. Qd3 Qxd3 30. Bxd3 a4 31. g3 Rd5 32. Bc2 b3 33. Bxb3
axb3 34. axb3 Rd2 35. h4 Rb2 36. Kg2 Bd4 37. b4 Ke7 38. Kf3 Kd6 39. Ke4 Bxf2
40. h5 Rxb4+ 0-1

[Event "OLBA 2122 SC Viernheim II - SC Brombach"]
[Site "?"]
[Date "2022.06.18"]
[Round "6.2"]
[White "Zaragatski, Ilja"]
[Black "Wirthensohn, Heinz"]
[Result "1-0"]
[WhiteElo "2508"]
[BlackElo "2295"]
[PlyCount "139"]
[EventDate "2022.??.??"]

1. d4 d5 2. Nf3 Nf6 3. c4 dxc4 4. e3 b5 5. a4 b4 6. Bxc4 e6 7. O-O Be7 8. Nbd2
Bb7 9. a5 a6 10. Qe2 O-O 11. e4 c5 12. e5 Nfd7 13. Nb3 cxd4 14. Rd1 Bxf3 15.
gxf3 Qc7 16. f4 Nc5 17. Nxd4 Nc6 18. Nxc6 Qxc6 19. Be3 Rfd8 20. Rdc1 Qb7 21.
Qf1 Rdc8 22. Qg2 Qxg2+ 23. Kxg2 g6 24. Kf3 Rc6 25. b3 Rac8 26. Rd1 Kf8 27. Rd4
Ke8 28. Bd2 Nd7 29. Rd1 Bc5 30. Rd3 R8c7 31. Be1 Be7 32. Rd4 Bc5 33. R4d2 Be7
34. Ra2 Rb7 35. Bd2 Nc5 36. Be3 Rd7 37. Rxd7 Kxd7 38. Bd2 Rc7 39. Ra1 Rb7 40.
Ke3 Kc6 41. Rc1 Kd7 42. f5 gxf5 43. Rg1 Kc6 44. Rg8 Ne4 45. Be1 Bc5+ 46. Ke2
Bd4 47. f4 Nc5 48. Rh8 f6 49. exf6 Bxf6 50. Rc8+ Rc7 51. Rxc7+ Kxc7 52. Bxb4
Kc6 53. Be1 Kb7 54. b4 Ne4 55. Bxe6 Nd6 56. Kd3 Kc6 57. Bf2 h6 58. Bc5 Be7 59.
h3 h5 60. Bb3 Bf6 61. Bd1 h4 62. Bf3+ Kd7 63. Bxd6 Kxd6 64. Bb7 Kc7 65. Bxa6
Be7 66. Kc4 Bd6 67. b5 Bxf4 68. b6+ Kb8 69. Bb5 Be3 70. Bc6 1-0

[Event "OLBA 2122 SC Viernheim II - SC Brombach"]
[Site "?"]
[Date "2022.06.18"]
[Round "6.3"]
[White "Ruefenacht, Matthias"]
[Black "Lanka, Zigurds"]
[Result "1/2-1/2"]
[WhiteElo "2274"]
[BlackElo "2397"]
[PlyCount "43"]
[EventDate "2022.??.??"]

1. e4 c5 2. c3 d5 3. exd5 Qxd5 4. d4 e6 5. Nf3 a6 6. Be2 Nf6 7. O-O cxd4 8. c4
Qd6 9. Qxd4 Nc6 10. Qxd6 Bxd6 11. Nc3 h6 12. Na4 Nd7 13. Be3 Bc7 14. Rfd1 Ne7
15. Bd2 Ng6 16. Bb4 Nf4 17. Bf1 g5 18. Bd6 Bxd6 19. Rxd6 Ke7 20. Rd4 e5 21. Rd2
f6 22. g3 1/2-1/2

[Event "OLBA 2122 SC Viernheim II - SC Brombach"]
[Site "?"]
[Date "2022.06.18"]
[Round "6.4"]
[White "Meinhardt, Maximilian"]
[Black "Paul, Mathias"]
[Result "1-0"]
[WhiteElo "2374"]
[BlackElo "2045"]
[PlyCount "33"]
[EventDate "2022.??.??"]

1. e4 c5 2. Nf3 e6 3. g3 Nc6 4. Bg2 g6 5. d4 cxd4 6. Nxd4 Bg7 7. Nb5 Qa5+ 8.
N1c3 Nge7 9. Nd6+ Kf8 10. O-O b5 11. Ncxb5 Ba6 12. c4 Ne5 13. Bd2 Qd8 14. Bc3
N7c6 15. Rc1 Rb8 16. Qa4 Qb6 17. Qa3 1-0

[Event "OLBA 2122 SC Viernheim II - SC Brombach"]
[Site "?"]
[Date "2022.06.18"]
[Round "6.5"]
[White "Schwierskott, Marc"]
[Black "Engemann, Till"]
[Result "1/2-1/2"]
[WhiteElo "2147"]
[BlackElo "2084"]
[PlyCount "80"]
[EventDate "2022.??.??"]

1. c4 e6 2. Nf3 d5 3. g3 c6 4. b3 Nf6 5. Bg2 Nbd7 6. Bb2 Bd6 7. O-O O-O 8. d4
b6 9. Nc3 Bb7 10. Qc2 Qe7 11. e4 Nxe4 12. Nxe4 dxe4 13. Qxe4 Nf6 14. Qc2 Rfd8
15. Rfe1 Ba3 16. Bc3 Bb4 17. Ne5 Bxc3 18. Qxc3 Qc7 19. Rad1 Nd7 20. Qf3 Nxe5
21. Rxe5 Rd7 22. Qe3 Rad8 23. f4 g6 24. g4 Rd6 25. f5 Qd7 26. Re4 Qe7 27. Rf4
Qg5 28. Qg3 exf5 29. h4 Qf6 30. gxf5 Rxd4 31. Rfxd4 Rxd4 32. Qb8+ Kg7 33. Rf1
Rxh4 34. fxg6 Qd4+ 35. Rf2 hxg6 36. Qc7 Qd1+ 37. Rf1 Qd4+ 38. Rf2 Qd1+ 39. Rf1
Qd4+ 40. Rf2 Qd1+ 1/2-1/2

[Event "OLBA 2122 SC Viernheim II - SC Brombach"]
[Site "?"]
[Date "2022.06.18"]
[Round "6.6"]
[White "Mueller, Michael"]
[Black "Erismann, Peter"]
[Result "1/2-1/2"]
[WhiteElo "2165"]
[BlackElo "2048"]
[PlyCount "99"]
[EventDate "2022.??.??"]

1. d4 d5 2. Nf3 c5 3. c3 Nf6 4. Bf4 Qb6 5. Qb3 c4 6. Qc2 Ne4 7. Nbd2 Bf5 8. Qc1
e6 9. Nxe4 Bxe4 10. Nd2 Bg6 11. e4 Nd7 12. Be2 Bd6 13. e5 Be7 14. b3 cxb3 15.
axb3 O-O 16. O-O f6 17. exf6 Nxf6 18. Be3 Qc7 19. Qb2 Bd6 20. g3 Ne4 21. Nxe4
Bxe4 22. c4 Qe7 23. f3 Bg6 24. Rae1 Ba3 25. Qa2 Bb4 26. Bd2 a5 27. Kg2 Bxd2 28.
Qxd2 Qb4 29. Qe3 Rfe8 30. Rc1 a4 31. bxa4 Qxa4 32. c5 Qb4 33. Rf2 Ra4 34. Rd1
e5 35. dxe5 d4 36. Qg5 Qxc5 37. f4 Be4+ 38. Kg1 d3 39. Bh5 Ra2 40. Rdf1 Rxf2
41. Rxf2 h6 42. Qh4 Qc1+ 43. Rf1 Qe3+ 44. Rf2 Ra8 45. Bd1 Ra1 46. Qg4 Ra2 47.
Bb3+ Kh7 48. Bxa2 Qe1+ 49. Rf1 Qe3+ 50. Rf2 1/2-1/2

[Event "OLBA 2122 SC Viernheim II - SC Brombach"]
[Site "?"]
[Date "2022.06.18"]
[Round "6.7"]
[White "Barth, Can-Elian"]
[Black "Spiegel, Stefan"]
[Result "1-0"]
[WhiteElo "2029"]
[BlackElo "2130"]
[PlyCount "120"]
[EventDate "2022.??.??"]

1. d4 Nf6 2. c4 e6 3. Nc3 Bb4 4. e3 Bxc3+ 5. bxc3 d6 6. Nf3 c5 7. Bd3 Nc6 8.
O-O e5 9. Qc2 O-O 10. Rd1 Qe7 11. Ng5 h6 12. Ne4 b6 13. Nxf6+ Qxf6 14. Be4 Bb7
15. dxc5 dxc5 16. Bd5 Na5 17. e4 Rad8 18. Be3 Rd6 19. Rd3 Rfd8 20. Rad1 Kf8 21.
Bc1 Qg6 22. Qe2 Ba6 23. R3d2 Bb7 24. Rd3 Ba6 25. R3d2 Bb7 26. h3 Bc6 27. Rd3
Be8 28. Rg3 Qf6 29. Qh5 Nxc4 30. Rdd3 Rxd5 31. exd5 e4 32. Rd1 Bd7 33. Re1 Bf5
34. Qe2 b5 35. Rd1 Qe5 36. d6 Rxd6 37. Rxd6 Qxd6 38. h4 a6 39. Be3 Qe5 40. Qd1
Ke8 41. Bxh6 g6 42. h5 Nb2 43. Qe2 Nc4 44. hxg6 fxg6 45. Bg5 Kf7 46. Qd1 Qd6
47. Qc1 Qd5 48. Bf4 Nb6 49. Bc7 Nd7 50. c4 Qc6 51. Bf4 Nf6 52. Re3 b4 53. Re1
Be6 54. Rd1 Qa4 55. Be5 Nd7 56. Qf4+ Bf5 57. Rd6 Ke7 58. Qg5+ Ke8 59. Qh6 Nxe5
60. Qh8+ Kf7 1-0

[Event "OLBA 2122 SC Viernheim II - SC Brombach"]
[Site "?"]
[Date "2022.06.18"]
[Round "6.8"]
[White "Martin, Stefan"]
[Black "Deubelbeiss, Rene"]
[Result "1/2-1/2"]
[WhiteElo "2139"]
[BlackElo "1942"]
[PlyCount "31"]
[EventDate "2022.??.??"]

1. d4 Nf6 2. c4 c5 3. Nf3 cxd4 4. Nxd4 Nc6 5. Nc3 Nxd4 6. Qxd4 g6 7. g3 Bg7 8.
Bg2 O-O 9. O-O d6 10. Qd3 a6 11. Be3 Rb8 12. Ba7 Ra8 13. Bd4 Qa5 14. h3 Be6 15.
b3 Rab8 16. Rfc1 1/2-1/2

[Event "OLBA 2122 BG Buchen - OSG Baden-Baden I"]
[Site "?"]
[Date "2022.06.18"]
[Round "6.1"]
[White "Milov, Vadim"]
[Black "Stojanovic, Mihajlo"]
[Result "1-0"]
[WhiteElo "2600"]
[BlackElo "2506"]
[PlyCount "143"]
[EventDate "2022.??.??"]

1. d4 d5 2. c4 e6 3. Nf3 Nf6 4. e3 c5 5. Nc3 dxc4 6. Bxc4 a6 7. dxc5 Qxd1+ 8.
Kxd1 Bxc5 9. Bd3 Nbd7 10. b3 b6 11. Bb2 Bb7 12. Ke2 O-O 13. Rac1 Rac8 14. Rhg1
Rfd8 15. Bb1 Be7 16. Nd4 b5 17. g4 Nc5 18. g5 Nfe4 19. Nxe4 Nxe4 20. f3 Nc5 21.
h4 g6 22. f4 Ne4 23. Nf3 Kf8 24. Bxe4 Bxe4 25. Ne5 Bb7 26. Ng4 Rxc1 27. Rxc1
Rc8 28. Rxc8+ Bxc8 29. Bf6 Ba3 30. Be5 Be7 31. Kd3 Ke8 32. Bc7 Bb7 33. e4 Ba8
34. Kd4 Bb7 35. Bb6 Ba8 36. Bc5 Bd8 37. b4 Kd7 38. a3 Bb7 39. Ne5+ Ke8 40. Ng4
Kd7 41. Ke3 Ke8 42. Bd4 Be7 43. Nf2 Kd7 44. Nd3 Bd6 45. Nc1 Ba8 46. Ne2 Bb7 47.
Be5 Bf8 48. Nc1 h6 49. Nd3 hxg5 50. fxg5 Be7 51. Kd4 Ba8 52. Bf4 Bb7 53. Ne5+
Ke8 54. Ng4 Kd7 55. Bb8 Ba8 56. Bf4 Bb7 57. Nh6 f6 58. e5 f5 59. h5 gxh5 60. g6
Bf8 61. Ng8 h4 62. Nf6+ Ke7 63. Nh5 Bf3 64. Bg5+ Ke8 65. Nf6+ Ke7 66. Bxh4 Bg7
67. Ne4+ Kf8 68. Nc5 Bd5 69. Nd7+ Kg8 70. Nf6+ Kf8 71. Nxd5 exd5 72. Bg5 1-0

[Event "OLBA 2122 BG Buchen - OSG Baden-Baden I"]
[Site "?"]
[Date "2022.06.18"]
[Round "6.2"]
[White "Dobosz, Henryk"]
[Black "Schlosser, Philipp"]
[Result "0-1"]
[WhiteElo "2368"]
[BlackElo "2495"]
[PlyCount "102"]
[EventDate "2022.??.??"]

1. c4 c5 2. Nc3 Nf6 3. g3 d5 4. cxd5 Nxd5 5. Bg2 Nc7 6. d3 e5 7. Qb3 Nd7 8. Nf3
Be7 9. O-O O-O 10. e3 b5 11. a4 b4 12. Nd5 Bb7 13. Nd2 Nxd5 14. Bxd5 Bxd5 15.
Qxd5 Re8 16. Nc4 Nb6 17. Qe4 Bf8 18. a5 Nxc4 19. Qxc4 Qd7 20. e4 Rad8 21. Rd1
h5 22. Kg2 h4 23. f3 Re6 24. Be3 Rd6 25. Rac1 h3+ 26. Kf2 Rxd3 27. Rxd3 Qxd3
28. Qxd3 Rxd3 29. g4 Rb3 30. Bxc5 Rxb2+ 31. Kg3 Ra2 32. Bxf8 Kxf8 33. Rc5 b3
34. Rxe5 b2 35. Rb5 Ke7 36. e5 Kd7 37. a6 Kc6 38. Rb7 Kd5 39. f4 Kc4 40. Kh4
Kc3 41. Rc7+ Kd2 42. Rb7 Kc2 43. Rc7+ Kb1 44. Rxf7 Rxa6 45. Rxg7 Kc2 46. Rc7+
Kd2 47. Rb7 Rb6 48. Rxb6 axb6 49. e6 b1=Q 50. f5 b5 51. Kg5 Qe4 0-1

[Event "OLBA 2122 BG Buchen - OSG Baden-Baden I"]
[Site "?"]
[Date "2022.06.18"]
[Round "6.3"]
[White "Kaczmarczyk, Dennis"]
[Black "Eisenbeiser, Amadeus"]
[Result "1/2-1/2"]
[WhiteElo "2474"]
[BlackElo "2389"]
[PlyCount "81"]
[EventDate "2022.??.??"]

1. e4 d6 2. d4 Nf6 3. Nc3 e5 4. Nf3 Nbd7 5. Rg1 g6 6. g4 Bg7 7. Be3 O-O 8. h3
exd4 9. Nxd4 Re8 10. Qf3 Nxe4 11. Nxe4 d5 12. Nd6 cxd6 13. O-O-O Qa5 14. Kb1
Ne5 15. Qf4 Be6 16. Nb3 Qc7 17. Bd4 a5 18. a3 Rec8 19. Na1 Qc6 20. Qg3 Nc4 21.
Bxg7 Kxg7 22. Bxc4 dxc4 23. Rxd6 Qc5 24. c3 Rd8 25. Rgd1 Rxd6 26. Rxd6 Re8 27.
Nc2 Bd5 28. Ne3 Be4+ 29. Kc1 g5 30. Rd4 b5 31. h4 h6 32. h5 a4 33. Qd6 Qxd6 34.
Rxd6 Re6 35. Rd4 Kf6 36. Kd2 Ke5 37. Ke2 Rd6 38. Rxd6 Kxd6 39. f3 Bd3+ 40. Kf2
Ke5 41. Kg3 1/2-1/2

[Event "OLBA 2122 BG Buchen - OSG Baden-Baden I"]
[Site "?"]
[Date "2022.06.18"]
[Round "6.4"]
[White "Miltner, Arndt"]
[Black "Kachiani-Gersinska, Ketino"]
[Result "0-1"]
[WhiteElo "2265"]
[BlackElo "2302"]
[PlyCount "98"]
[EventDate "2022.??.??"]

1. b3 e5 2. Bb2 Nc6 3. Nf3 d6 4. e3 Bf5 5. d4 Nb4 6. Na3 e4 7. Nd2 c6 8. c3 Nd5
9. c4 Nb4 10. Nc2 d5 11. Nxb4 Bxb4 12. a3 Bd6 13. b4 Ne7 14. h4 O-O 15. Be2 a5
16. Bc3 axb4 17. axb4 Rxa1 18. Qxa1 Be6 19. c5 Bc7 20. Kd1 Nf5 21. g3 Bxg3 22.
fxg3 Nxe3+ 23. Kc1 Bg4 24. Bxg4 Nxg4 25. Kb2 b6 26. cxb6 Qxb6 27. Qa5 Qb8 28.
Rg1 Nf2 29. Nb3 Nd3+ 30. Kc2 Qc8 31. Nc1 Qh3 32. Rd1 Qg2+ 33. Kb3 Nf2 34. Re1
Qxg3 35. Qb6 Qd6 36. Bd2 Qg3+ 37. Kc2 Qh3 38. Be3 Ng4 39. Bf4 Qxh4 40. Re2 Qf6
41. Bg3 h5 42. Kb1 h4 43. Bc7 e3 44. Rc2 Qe7 45. Qxc6 Qxb4+ 46. Rb2 Qxd4 47.
Bd6 Qe4+ 48. Ka2 Qc4+ 49. Qxc4 Ra8+ 0-1

[Event "OLBA 2122 BG Buchen - OSG Baden-Baden I"]
[Site "?"]
[Date "2022.06.18"]
[Round "6.5"]
[White "Mohebbi, Jafar"]
[Black "Becker, Matthias"]
[Result "1-0"]
[WhiteElo "2238"]
[BlackElo "2330"]
[PlyCount "79"]
[EventDate "2022.??.??"]

1. Nf3 g6 2. d4 Bg7 3. Nc3 c5 4. d5 d6 5. e4 Nf6 6. Bb5+ Nbd7 7. O-O a6 8.
Bxd7+ Bxd7 9. a4 O-O 10. Re1 Bg4 11. h3 Bxf3 12. Qxf3 b5 13. axb5 axb5 14. Rxa8
Qxa8 15. Nxb5 Qa4 16. Qe2 Nd7 17. b3 Qa2 18. Bg5 Re8 19. Nc7 Rc8 20. Bxe7 Rxc7
21. Bxd6 Ra7 22. e5 Qa6 23. c4 Bf8 24. Bxf8 Nxf8 25. Qe3 Qb6 26. Rd1 Ra3 27.
Rd3 Ra1+ 28. Kh2 Ra7 29. f4 f5 30. e6 Qd6 31. b4 Re7 32. bxc5 Qa6 33. Qd4 Nxe6
34. dxe6 Qxe6 35. Qd5 Kg7 36. c6 Kh6 37. c5 Qe2 38. Qd6 Re6 39. Qf8+ Kh5 40.
Rg3 1-0

[Event "OLBA 2122 SF Bad Mergentheim - SGR Kupp"]
[Site "?"]
[Date "2022.06.18"]
[Round "6.1"]
[White "Roos, Jean-Luc"]
[Black "Ikonnikov, Vyacheslav"]
[Result "0-1"]
[WhiteElo "2192"]
[BlackElo "2495"]
[PlyCount "126"]
[EventDate "2022.??.??"]

1. d4 Nf6 2. c4 e6 3. Nf3 Bb4+ 4. Bd2 a5 5. g3 d6 6. Bg2 Nbd7 7. O-O e5 8. Nc3
exd4 9. Nxd4 O-O 10. Qc2 Nc5 11. Rad1 Re8 12. a3 Bxc3 13. Bxc3 a4 14. Nb5 Nfd7
15. Rfe1 Nb6 16. Bd4 Qe7 17. Nc3 c6 18. Nb1 Be6 19. Nd2 f6 20. Qc3 Qf7 21. Rc1
Nbd7 22. e4 f5 23. exf5 Bxf5 24. Rxe8+ Rxe8 25. Nf3 Nb3 26. Rd1 Bg4 27. h3 Nxd4
28. Rxd4 Bxf3 29. Bxf3 Qf6 30. Kg2 Nc5 31. Bd1 Re6 32. f3 h6 33. Qd2 Qe7 34.
Kf2 Rf6 35. Qe3 Qf7 36. Kg2 Re6 37. Qd2 Qc7 38. Qf2 Qe7 39. Rd2 Qf6 40. Qd4 Qe7
41. Kf2 Kf7 42. Re2 Qf6 43. Qxf6+ Rxf6 44. Re3 g5 45. Bc2 h5 46. Ke2 h4 47.
gxh4 gxh4 48. Kd2 Rf4 49. b4 axb3 50. Bxb3 Kf6 51. Ba2 Rd4+ 52. Ke2 Ne6 53. Rc3
Nf4+ 54. Ke3 Ke5 55. c5 d5 56. Rb3 Ra4 57. Bb1 Nxh3 58. Rxb7 Rxa3+ 59. Ke2 Nf4+
60. Kf2 Ra1 61. Rb6 Ne6 62. Bd3 Ra2+ 63. Kg1 Nd4 0-1

[Event "OLBA 2122 SF Bad Mergentheim - SGR Kupp"]
[Site "?"]
[Date "2022.06.18"]
[Round "6.2"]
[White "Kazakouski, Valery"]
[Black "Schuh, Hubert"]
[Result "1/2-1/2"]
[WhiteElo "2532"]
[BlackElo "2284"]
[PlyCount "109"]
[EventDate "2022.??.??"]

1. Nf3 c5 2. c4 Nf6 3. b3 g6 4. Bb2 Bg7 5. g3 b6 6. Bg2 Bb7 7. O-O O-O 8. d4
cxd4 9. Qxd4 d6 10. Nc3 Nbd7 11. Rfd1 Rc8 12. Qh4 h6 13. Rac1 a6 14. Nd4 Bxg2
15. Kxg2 Rc5 16. Kg1 Rh5 17. Nc6 Qe8 18. Qd4 Rc5 19. Nb4 Qa8 20. Ncd5 Re8 21.
Nd3 Rc6 22. e4 Qb7 23. Qe3 Kh7 24. Qf3 Kg8 25. Nxf6+ Nxf6 26. Nb4 Rc5 27. Bxf6
Bxf6 28. Nd5 Be5 29. Qe3 Bg7 30. Qf3 Be5 31. Kg2 Kg7 32. h4 h5 33. Qe3 Kg8 34.
f4 Bb2 35. Rc2 Bg7 36. Qf3 e6 37. Nb4 b5 38. e5 Qxf3+ 39. Kxf3 dxe5 40. Nxa6
Rcc8 41. c5 exf4 42. gxf4 e5 43. fxe5 Bxe5 44. Rd7 Rc6 45. Nb4 Rf6+ 46. Kg2 Rf4
47. Nd5 Rxh4 48. Rf2 Rh2+ 49. Kg1 Rxf2 50. Kxf2 Ra8 51. c6 Rxa2+ 52. Ke3 Rc2
53. Nb4 Rc3+ 54. Kd2 Rxb3 55. Nd3 1/2-1/2

[Event "OLBA 2122 SF Bad Mergentheim - SGR Kupp"]
[Site "?"]
[Date "2022.06.18"]
[Round "6.3"]
[White "Grosshans, Ralf-Michael"]
[Black "Neuman, Petr"]
[Result "0-1"]
[WhiteElo "2083"]
[BlackElo "2386"]
[PlyCount "100"]
[EventDate "2022.??.??"]

1. e4 d6 2. d4 Nf6 3. Nc3 e5 4. dxe5 dxe5 5. Qxd8+ Kxd8 6. Bc4 Ke8 7. f3 c6 8.
a4 a5 9. Be3 Nbd7 10. Nge2 Bc5 11. Nd1 Ke7 12. Nc1 Ne8 13. Nd3 Bxe3 14. Nxe3
Nd6 15. O-O-O f6 16. Bb3 b6 17. Rd2 Rd8 18. Rhd1 Nf8 19. c3 g6 20. g3 Ba6 21.
Kc2 Rd7 22. Nf2 Rad8 23. f4 exf4 24. gxf4 Ne6 25. Bxe6 Kxe6 26. b3 Nb7 27. f5+
Ke7 28. Rxd7+ Rxd7 29. Rxd7+ Kxd7 30. Neg4 Ke7 31. e5 gxf5 32. Nxf6 h6 33. Ng8+
Ke6 34. Nxh6 Nc5 35. h4 Be2 36. b4 Nd7 37. Kd2 Bc4 38. bxa5 bxa5 39. Nh3 Kxe5
40. Ke3 Nb6 41. Ng5 Kf6 42. Kd4 Bd5 43. Nh3 Kg6 44. Nxf5 Kxf5 45. Nf2 Nxa4 46.
c4 Bf3 47. Nd3 Be4 48. Nf2 c5+ 49. Ke3 Bb1 50. Kd2 Kf4 0-1

[Event "OLBA 2122 SF Bad Mergentheim - SGR Kupp"]
[Site "?"]
[Date "2022.06.18"]
[Round "6.4"]
[White "Gasthofer, Alexander"]
[Black "Kresovic, Velimir"]
[Result "1/2-1/2"]
[WhiteElo "2413"]
[BlackElo "2155"]
[PlyCount "89"]
[EventDate "2022.??.??"]

1. Nf3 Nf6 2. c4 e6 3. g3 Be7 4. Bg2 c5 5. O-O O-O 6. d4 d5 7. cxd5 exd5 8. Nc3
Nc6 9. Bg5 c4 10. Ne5 Be6 11. b3 Qa5 12. Qd2 Rfd8 13. Nxc6 bxc6 14. bxc4 dxc4
15. Bxc6 Rac8 16. Bb7 Rb8 17. Bg2 h6 18. Bf4 Rbc8 19. e4 Bb4 20. Rac1 Qh5 21.
d5 Bh3 22. f3 Bxg2 23. Kxg2 Nd7 24. Qe2 Nb6 25. Nb5 Re8 26. Qb2 a5 27. Nd6 Bxd6
28. Bxd6 Nd7 29. Qd4 Qg6 30. Bf4 Qa6 31. Rf2 Rc5 32. Bd2 Rec8 33. Bc3 f6 34. f4
Qd6 35. Rb1 Re8 36. Rb7 Nb6 37. Rd2 Na4 38. Kf3 Kh8 39. Re2 Nxc3 40. Qxc3 Rxd5
41. exd5 Qxd5+ 42. Kf2 Rxe2+ 43. Kxe2 Qxb7 44. Qxc4 Qg2+ 45. Ke3 1/2-1/2

[Event "OLBA 2122 SF Bad Mergentheim - SGR Kupp"]
[Site "?"]
[Date "2022.06.18"]
[Round "6.5"]
[White "Metz, Hartmut"]
[Black "Ivanov, Mikhail M"]
[Result "1/2-1/2"]
[WhiteElo "2188"]
[BlackElo "2328"]
[PlyCount "32"]
[EventDate "2022.??.??"]

1. e4 c5 2. Nf3 a6 3. d4 cxd4 4. Nxd4 Nf6 5. Nc3 e5 6. Nb3 Bb4 7. Bd2 d6 8. Bd3
Bg4 9. f3 Be6 10. a3 Bxc3 11. Bxc3 Nc6 12. Nd2 d5 13. b3 O-O 14. Qe2 Rc8 15.
Bb2 Re8 16. O-O Nh5 1/2-1/2